[Event "ITA-chTB 53rd"]
[Site "Montesilvano"]
[Date "2022.04.22"]
[Round "5.2"]
[White "Quinn, Mark"]
[Black "Manca, Federico"]
[Result "1-0"]
[WhiteElo "2365"]
[BlackElo "2370"]
[PlyCount "62"]
[EventDate "2022.04.19"]
[EventType "team-tourn"]
[EventRounds "7"]
[EventCountry "ITA"]
[SourceTitle "CBM 207 Extra"]
[Source "ChessBase"]
[SourceDate "2022.05.31"]
[SourceVersion "1"]
[SourceVersionDate "2022.05.31"]
[SourceQuality "1"]
[WhiteTeam "Il Grifone D’Arzignano"]
[BlackTeam "Marostica Pizzato Elettrica"]
[WhiteTeamCountry "ITA"]
[BlackTeamCountry "ITA"]

1. d4 d5 2. c4 e6 3. Nf3 c5 4. cxd5 exd5 5. g3 Nc6 6. Bg2 Nf6 7. 0-0 Be7 8. Nc3 0-0 9. dxc5 Bxc5 10. a3 a6 11. b4 Be7 12. Be3 Be6 13. Na4 Ne4 14. Rc1 Bf6 15. Nd4 Nxd4 16. Bxd4 Re8 17. Nb6 Rb8 18. e3 Qe7 19. Bxf6 Nxf6 20. Qd4 Rbd8 21. Rfd1 h6 22. Rd2 Rd6 23. Rdc2 Rb8 24. a4 Qd8 25. a5 Bd7 26. e4 Rxb6 27. axb6 dxe4 28. Rc7 Bc6 29. Qxd8+ Rxd8 30. R1xc6 bxc6 31. b7 Ra8 1-0

[Event "ITA-chTB 53rd"]
[Site "Montesilvano"]
[Date "2022.04.21"]
[Round "4.3"]
[White "D'Amore, Carlo"]
[Black "Quinn, Mark"]
[Result "1/2-1/2"]
[WhiteElo "2406"]
[BlackElo "2365"]
[PlyCount "157"]
[EventDate "2022.04.19"]
[EventType "team-tourn"]
[EventRounds "7"]
[EventCountry "ITA"]
[SourceTitle "CBM 207 Extra"]
[Source "ChessBase"]
[SourceDate "2022.05.31"]
[SourceVersion "1"]
[SourceVersionDate "2022.05.31"]
[SourceQuality "1"]
[WhiteTeam "Chieti"]
[BlackTeam "Il Grifone D’Arzignano"]
[WhiteTeamCountry "ITA"]
[BlackTeamCountry "ITA"]

1. Nf3 f5 2. d4 Nf6 3. g3 g6 4. c3 Bg7 5. Qb3 c6 6. Bg2 Qb6 7. Qc2 a5 8. Nbd2 d5 9. c4 Na6 10. a3 0-0 11. 0-0 Kh8 12. b3 Ne4 13. e3 Be6 14. Bb2 Qd8 15. Rad1 Nxd2 16. Rxd2 a4 17. Ng5 Bg8 18. cxd5 Bxd5 19. Bxd5 Qxd5 20. Qc4 Nc7 21. Qxd5 Nxd5 22. Ne6 Rf6 23. Nc5 axb3 24. Nxb7 Nb6 25. Rc1 Na4 26. Nc5 Nxc5 27. Rxc5 Rd6 28. f4 Kg8 29. Rd3 Rb8 30. Kf2 Kf7 31. Rcc3 Rb6 32. Rxb3 Rxb3 33. Rxb3 c5 34. a4 cxd4 35. Bxd4 Bxd4 36. exd4 Ra6 37. Ra3 Ke6 38. Ke3 Kd5 39. Kd3 h6 40. a5 g5 41. Ra1 gxf4 42. gxf4 h5 43. Ra2 h4 44. Ra1 h3 45. Ra2 Kc6 46. Kc4 e6 47. Ra3 Kc7 48. Kb5 Rd6 49. Ra4 Kb7 50. a6+ Ka7 51. Kc5 Rd5+ 52. Kc4 Rd8 53. Ra3 Rc8+ 54. Kb5 Rb8+ 55. Kc6 Rd8 56. Kc5 Rd5+ 57. Kc4 Rd6 58. Rxh3 Rxa6 59. Re3 Kb7 60. h4 Kc7 61. h5 Kd6 62. h6 Ra4+ 63. Kb3 Ra7 64. Rh3 Rh7 65. Kc4 Rc7+ 66. Kd3 Rh7 67. Rh4 Kd5 68. Rh5 Kd6 69. Ke2 Kd5 70. Ke3 Kc4 71. Rh1 Kd5 72. Rh2 Kd6 73. Rh1 Kd5 74. Rh5 Kc4 75. Rh1 Kd5 76. Kd3 Kd6 77. Kc4 Rc7+ 78. Kd3 Rh7 79. Kc4 1/2-1/2

[Event "IRL-ch"]
[Site "Dublin"]
[Date "2019.08.11"]
[Round "9"]
[White "Quinn, Mark"]
[Black "Ryan, Joseph"]
[Result "1/2-1/2"]
[WhiteElo "2383"]
[BlackElo "2268"]
[PlyCount "67"]
[EventDate "2019.08.03"]
[EventType "swiss"]
[EventRounds "9"]
[EventCountry "IRL"]
[SourceTitle "CBM 191 Extra"]
[Source "ChessBase"]
[SourceDate "2019.09.30"]
[SourceVersion "1"]
[SourceVersionDate "2019.09.30"]
[SourceQuality "1"]

1. g3 d5 2. Bg2 e5 3. Nf3 Nc6 4. d3 Nf6 5. 0-0 Be6 6. c3 a5 7. d4 Bd6 8. Ng5 Bf5 9. f3 h6 10. e4 Bg6 11. exd5 Nxd5 12. Ne4 exd4 13. cxd4 0-0 14. Nbc3 Be7 15. f4 Bxe4 16. Bxe4 Nf6 17. Bg2 Qxd4+ 18. Qxd4 Nxd4 19. Bxb7 Rab8 20. Ba6 Nc2 21. Rb1 Bc5+ 22. Kh1 Rfd8 23. b3 Ng4 24. Be2 Nf2+ 25. Kg2 Nd3 26. Ne4 Bb6 27. Bxd3 Rxd3 28. Rb2 Ne3+ 29. Bxe3 Rxe3 30. Nf2 Rbe8 31. Rd1 Re2 32. Rdd2 Re1 33. Nd3 Rg1+ 34. Kh3 1/2-1/2

[Event "IRL-ch"]
[Site "Dublin"]
[Date "2019.08.09"]
[Round "7"]
[White "Carroll, Peter"]
[Black "Quinn, Mark"]
[Result "0-1"]
[WhiteElo "2062"]
[BlackElo "2383"]
[PlyCount "54"]
[EventDate "2019.08.03"]
[EventType "swiss"]
[EventRounds "9"]
[EventCountry "IRL"]
[SourceTitle "CBM 191 Extra"]
[Source "ChessBase"]
[SourceDate "2019.09.30"]
[SourceVersion "1"]
[SourceVersionDate "2019.09.30"]
[SourceQuality "1"]

1. e4 e6 2. d4 d5 3. Nc3 Nf6 4. e5 Nfd7 5. f4 c5 6. Nf3 Nc6 7. Be3 Be7 8. Qd2 a6 9. dxc5 Nxc5 10. Nd4 Bd7 11. Be2 b5 12. Bf3 Nxd4 13. Bxd4 b4 14. Nd1 Bb5 15. Nf2 0-0 16. Nd3 Ne4 17. Qe3 Rc8 18. Bb6 Qd7 19. Rc1 Rc6 20. Nf2 Nc5 21. Bxc5 Bxc5 22. Qd2 Qa7 23. Ng4 h5 24. Nf6+ gxf6 25. exf6 Be3 26. Qd1 Bf2+ 27. Kd2 Qd4# 0-1

[Event "IRL-ch"]
[Site "Dublin"]
[Date "2019.08.07"]
[Round "5"]
[White "Melaugh, Shanemelaugh"]
[Black "Quinn, Mark"]
[Result "0-1"]
[WhiteElo "2077"]
[BlackElo "2383"]
[PlyCount "97"]
[EventDate "2019.08.03"]
[EventType "swiss"]
[EventRounds "9"]
[EventCountry "IRL"]
[SourceTitle "CBM 191 Extra"]
[Source "ChessBase"]
[SourceDate "2019.09.30"]
[SourceVersion "1"]
[SourceVersionDate "2019.09.30"]
[SourceQuality "1"]

1. c4 Nc6 2. Nc3 Nf6 3. e4 g6 4. d4 d6 5. d5 Nb8 6. Be2 Bg7 7. Be3 c6 8. Qd2 h5 9. f4 Ng4 10. Bd4 Bxd4 11. Qxd4 0-0 12. Nf3 Qb6 13. Qxb6 axb6 14. h3 Nh6 15. 0-0-0 Na6 16. Nd4 Bd7 17. Rhg1 Nc7 18. g4 hxg4 19. hxg4 Kg7 20. g5 Ng8 21. e5 dxe5 22. fxe5 b5 23. dxc6 bxc6 24. Ndxb5 cxb5 25. Rxd7 b4 26. Nb1 Rfc8 27. a3 bxa3 28. Nxa3 Ra5 29. Bf3 Ne6 30. Rd5 Rxc4+ 31. Nxc4 Ra1+ 32. Kc2 Rxg1 33. b4 Nxg5 34. b5 Nxf3 35. b6 e6 36. Rd7 Rg4 37. b7 Rxc4+ 38. Kb3 Rd4 39. Rc7 Rd1 40. Kc2 Rd8 41. Rc8 Rxc8+ 42. bxc8Q Nxe5 43. Qc3 f6 44. Qc7+ Nf7 45. Kd3 f5 46. Qc8 e5 47. Qe6 Nf6 48. Ke3 f4+ 49. Kf3 0-1

[Event "IRL-ch"]
[Site "Dublin"]
[Date "2019.08.04"]
[Round "2"]
[White "Quinn, Mark"]
[Black "Wallace, Paul Anthony"]
[Result "1-0"]
[WhiteElo "2383"]
[BlackElo "2171"]
[PlyCount "55"]
[EventDate "2019.08.03"]
[EventType "swiss"]
[EventRounds "9"]
[EventCountry "IRL"]
[SourceTitle "CBM 191 Extra"]
[Source "ChessBase"]
[SourceDate "2019.09.30"]
[SourceVersion "1"]
[SourceVersionDate "2019.09.30"]
[SourceQuality "1"]

1. g3 g6 2. Bg2 Bg7 3. d4 Nf6 4. e4 d6 5. Nc3 e5 6. dxe5 dxe5 7. Qxd8+ Kxd8 8. f4 Nbd7 9. Nf3 c6 10. 0-0 Ke8 11. a4 a5 12. Kh1 h6 13. Be3 Ke7 14. Bh3 h5 15. Rad1 Ng4 16. Bg1 f6 17. Nd2 Nf8 18. f5 Nd7 19. fxg6 Bh6 20. Nc4 Rg8 21. Rf5 Bg5 22. Bg2 Nh6 23. Rf3 h4 24. gxh4 Bxh4 25. Rfd3 Ra6 26. Nd6 Nb6 27. Bc5 Ke6 28. Bh3+ 1-0

[Event "Dublin Hogarty Memorial GM"]
[Site "Dublin"]
[Date "2019.01.02"]
[Round "1"]
[White "Fernandez, Daniel"]
[Black "Quinn, Mark"]
[Result "1-0"]
[WhiteElo "2465"]
[BlackElo "2386"]
[PlyCount "89"]
[EventDate "2019.01.02"]
[EventType "tourn"]
[EventRounds "9"]
[EventCountry "IRL"]
[EventCategory "6"]
[SourceTitle "CBM 188 Extra"]
[Source "ChessBase"]
[SourceDate "2019.02.28"]
[SourceVersion "1"]
[SourceVersionDate "2019.02.28"]
[SourceQuality "1"]

1. d4 d6 2. g3 h5 3. Bg5 Nd7 4. c3 c5 5. Bg2 Qa5 6. Qd2 Ngf6 7. Nh3 e6 8. 0-0 Be7 9. b4 cxb4 10. cxb4 Qb6 11. e4 e5 12. Na3 Qa6 13. Qb2 exd4 14. f4 d5 15. exd5 0-0 16. Nf2 Qa4 17. Nd3 a5 18. Nc2 axb4 19. Rfe1 Bd8 20. Ncxb4 Qa3 21. Qxa3 Rxa3 22. Rac1 Ba5 23. d6 Rc3 24. Bh3 b6 25. Rxc3 dxc3 26. Nc6 Nc5 27. Nxc5 Bxh3 28. Bxf6 gxf6 29. Ne4 Kg7 30. Nxa5 bxa5 31. Nxc3 Rc8 32. Ne4 Rc2 33. Rd1 Rg2+ 34. Kh1 Re2 35. Nc5 Re8 36. d7 Rd8 37. Kg1 Kf8 38. Rd5 Bg4 39. Kg2 Ke7 40. f5 Be2 41. a4 Bc4 42. Rd4 Ba2 43. Kf3 Bb1 44. Kf4 Bc2 45. Rd2 1-0

[Event "Kilkenny Masters"]
[Site "Kilkenny"]
[Date "2016.11.26"]
[Round "2"]
[White "Maze, Sebastien"]
[Black "Quinn, Mark"]
[Result "1-0"]
[WhiteElo "2615"]
[BlackElo "2389"]
[PlyCount "111"]
[EventDate "2016.11.25"]
[EventType "swiss"]
[EventRounds "6"]
[EventCountry "IRL"]
[SourceTitle "EXT 2018"]
[Source "ChessBase"]
[SourceDate "2017.10.13"]
[SourceVersion "1"]
[SourceVersionDate "2017.10.13"]
[SourceQuality "1"]

1. e4 Nc6 2. Nf3 d6 3. d4 g6 4. c3 Bg7 5. Bb5 Nf6 6. d5 a6 7. Ba4 b5 8. Bc2 Na5 9. a4 Bd7 10. Nbd2 c6 11. b4 Nb7 12. Nf1 cxd5 13. exd5 0-0 14. Ne3 e5 15. 0-0 Nh5 16. c4 bxa4 17. Bxa4 a5 18. Bc6 Bc8 19. b5 Ra7 20. Bxb7 Bxb7 21. Nc2 Ra8 22. Bd2 h6 23. Qe1 Qc7 24. Na3 f5 25. Bc3 Nf4 26. Rd1 g5 27. Bb2 Qf7 28. Qe3 Qh5 29. Nd2 Qg4 30. Qf3 h5 31. Qxg4 hxg4 32. Nb3 Kf7 33. Rfe1 a4 34. Na1 Rh8 35. N1c2 Rh4 36. Ne3 Rah8 37. Nf1 e4 38. Bxg7 Kxg7 39. Re3 Kf6 40. Rb1 Nd3 41. b6 Ke5 42. Nb5 Rc8 43. Rxd3 exd3 44. Re1+ Kf6 45. Nxd6 Rxc4 46. Re6+ Kg7 47. Nxc4 Bxd5 48. Re8 g3 49. Nfe3 gxh2+ 50. Kh1 Bxg2+ 51. Nxg2 Rxc4 52. b7 d2 53. Ne3 Rc1+ 54. Kxh2 f4 55. b8Q fxe3 56. Qe5+ 1-0

[Event "Kilkenny Masters"]
[Site "Kilkenny"]
[Date "2013.11.23"]
[Round "3"]
[White "Quinn, Mark"]
[Black "Collins, Sam E"]
[Result "1-0"]
[WhiteElo "2390"]
[BlackElo "2474"]
[PlyCount "127"]
[EventDate "2013.11.22"]
[EventType "swiss"]
[EventRounds "6"]
[EventCountry "IRL"]
[SourceTitle "EXT 2015"]
[Source "ChessBase"]
[SourceDate "2014.11.20"]
[SourceVersion "1"]
[SourceVersionDate "2014.11.20"]
[SourceQuality "1"]

1. e4 e5 2. Bc4 Nf6 3. d3 Nc6 4. Nf3 Bc5 5. c3 a6 6. Bb3 Ba7 7. Be3 0-0 8. Nbd2 h6 9. Qe2 d5 10. Bxa7 Rxa7 11. g3 Be6 12. Nh4 a5 13. Ba4 Qd6 14. exd5 Bxd5 15. 0-0 Qe6 16. f4 exf4 17. Qxe6 Bxe6 18. gxf4 Rd8 19. f5 Bc8 20. Bc2 Bd7 21. Rae1 Raa8 22. d4 Re8 23. Ne4 Nxe4 24. Bxe4 Nd8 25. Bd5 Rxe1 26. Rxe1 Nc6 27. Kf2 Kf8 28. Bxc6 Bxc6 29. Re5 b6 30. d5 Re8 31. Rxe8+ Bxe8 32. f6 gxf6 33. c4 Bd7 34. Ke3 Ke7 35. Kd4 Kd6 36. b3 f5 37. a3 c6 38. dxc6 Kxc6 39. b4 Kd6 40. Ng2 Bc6 41. Nf4 Bf3 42. h4 Be4 43. Ne2 Bb7 44. Nf4 Bf3 45. Ke3 Bb7 46. Kd4 Bf3 47. Ke3 Bc6 48. Kd4 axb4 49. axb4 Bb7 50. Ne2 Bf3 51. Nf4 Bb7 52. c5+ bxc5+ 53. bxc5+ Kc6 54. Nd3 Kb5 55. Nf4 Be4 56. Nd5 Kc6 57. Ne7+ Kd7 58. Ng8 Ke6 59. Nxh6 f6 60. Ke3 Ke5 61. Nf7+ Ke6 62. Nd6 Bc6 63. h5 Ke5 64. Nf7+ 1-0

[Event "Bunratty 20th"]
[Site "Bunratty"]
[Date "2013.03.03"]
[Round "8"]
[White "Quinn, Mark"]
[Black "Rombaldoni, Denis"]
[Result "1/2-1/2"]
[WhiteElo "2388"]
[BlackElo "2510"]
[PlyCount "108"]
[EventDate "2013.02.27"]
[EventType "tourn"]
[EventRounds "9"]
[EventCountry "IRL"]
[EventCategory "8"]
[SourceTitle "CBM 153 Extra"]
[Source "ChessBase"]
[SourceDate "2013.04.22"]
[SourceVersion "1"]
[SourceVersionDate "2013.04.22"]
[SourceQuality "1"]

1. c4 e5 2. Nc3 Nf6 3. g3 Nc6 4. Bg2 Bc5 5. e3 0-0 6. Nge2 Re8 7. d3 Bf8 8. 0-0 d6 9. h3 Be6 10. Nd5 Ne7 11. Nxf6+ gxf6 12. e4 b5 13. cxb5 Qd7 14. Kh2 d5 15. d4 Red8 16. dxe5 fxe5 17. exd5 Bxd5 18. Nc3 a6 19. Nxd5 Nxd5 20. Bxd5 Qxd5 21. Qg4+ Kh8 22. Bg5 Rd6 23. Rad1 Qe6 24. Qxe6 Rxe6 25. bxa6 Rexa6 26. a3 Rb8 27. Rd2 Kg7 28. Rc1 Bd6 29. Be3 Rb3 30. Rc4 Ra5 31. Rdc2 Rab5 32. Bc1 Rb8 33. R2c3 Kf6 34. Kg2 Ke6 35. Rxb3 Rxb3 36. Rh4 Bc5 37. Rxh7 e4 38. Rh4 f5 39. Rh6+ Kd5 40. Rh7 Kc6 41. Rf7 Rf3 42. Be3 Bxe3 43. fxe3 Kd5 44. Rxc7 Rxe3 45. Rc2 Kd4 46. h4 Rb3 47. Re2 Rf3 48. h5 Kd3 49. Re1 f4 50. gxf4 Rxf4 51. Rd1+ Kc2 52. Rd4 Rh4 53. Kg3 Rxh5 54. Rxe4 Kxb2 1/2-1/2

[Event "Bunratty 20th"]
[Site "Bunratty"]
[Date "2013.03.02"]
[Round "7"]
[White "Quinn, Mark"]
[Black "Astaneh Lopez, Alex"]
[Result "0-1"]
[WhiteElo "2388"]
[BlackElo "2416"]
[PlyCount "80"]
[EventDate "2013.02.27"]
[EventType "tourn"]
[EventRounds "9"]
[EventCountry "IRL"]
[EventCategory "8"]
[SourceTitle "CBM 153 Extra"]
[Source "ChessBase"]
[SourceDate "2013.04.22"]
[SourceVersion "1"]
[SourceVersionDate "2013.04.22"]
[SourceQuality "1"]

1. e4 c6 2. Nc3 d5 3. Nf3 Bg4 4. h3 Bxf3 5. Qxf3 e6 6. d4 Nf6 7. Bd3 dxe4 8. Nxe4 Qxd4 9. Bf4 Nxe4 10. Bxe4 Nd7 11. c3 Qb6 12. 0-0-0 Nf6 13. Bc2 Be7 14. g4 Nd5 15. Bd2 Bh4 16. Rhf1 h6 17. a3 Bg5 18. c4 Nf6 19. h4 Bxd2+ 20. Rxd2 Qc5 21. Qf4 b5 22. cxb5 cxb5 23. Re1 0-0 24. g5 hxg5 25. hxg5 Nh5 26. Qg4 g6 27. Rxe6 Rae8 28. Rxe8 Rxe8 29. Kb1 a5 30. a4 bxa4 31. Bxa4 Re5 32. Rd8+ Kg7 33. Qd7 Qxf2 34. Ka2 Qc5 35. Bb3 Re7 36. Qd2 Qb4 37. Qc2 Re3 38. Bd5 Nf4 39. Qc6 Nxd5 40. Rxd5 Qb3+ 0-1

[Event "Bunratty 20th"]
[Site "Bunratty"]
[Date "2013.03.01"]
[Round "4"]
[White "Pert, Nicholas"]
[Black "Quinn, Mark"]
[Result "1-0"]
[WhiteElo "2539"]
[BlackElo "2388"]
[PlyCount "57"]
[EventDate "2013.02.27"]
[EventType "tourn"]
[EventRounds "9"]
[EventCountry "IRL"]
[EventCategory "8"]
[SourceTitle "CBM 153 Extra"]
[Source "ChessBase"]
[SourceDate "2013.04.22"]
[SourceVersion "1"]
[SourceVersionDate "2013.04.22"]
[SourceQuality "1"]

1. d4 d6 2. g3 e5 3. dxe5 dxe5 4. Qxd8+ Kxd8 5. Nc3 c6 6. f4 Bb4 7. Bd2 Nf6 8. Nf3 exf4 9. gxf4 Re8 10. 0-0-0 Na6 11. Rg1 Bf8 12. e4 Bg4 13. Be2 Kc7 14. e5 Bxf3 15. Bxf3 Nd7 16. Ne4 h6 17. Nd6 Rxe5 18. fxe5 Nxe5 19. Nb5+ cxb5 20. Ba5+ b6 21. Bxa8 bxa5 22. Rd5 Nc4 23. Rxb5 Nd6 24. Rxa5 Kb6 25. Ra3 Nc5 26. Bd5 f5 27. Rg6 Nd7 28. Rc3 Ne5 29. Re6 1-0

[Event "Dublin Easter e2e4 op"]
[Site "Dublin"]
[Date "2012.04.08"]
[Round "7"]
[White "Valeanu, Eduard Andrei"]
[Black "Quinn, Mark"]
[Result "1-0"]
[WhiteElo "2461"]
[BlackElo "2398"]
[PlyCount "125"]
[EventDate "2012.04.05"]
[EventType "swiss"]
[EventRounds "9"]
[EventCountry "IRL"]
[SourceTitle "CBM 147 Extra"]
[Source "ChessBase"]
[SourceDate "2012.04.24"]
[SourceVersion "1"]
[SourceVersionDate "2012.04.24"]
[SourceQuality "1"]

1. e4 c5 2. Nf3 Nc6 3. Bb5 d6 4. Bxc6+ bxc6 5. 0-0 Bg4 6. h3 Bh5 7. Re1 e6 8. d3 Ne7 9. Nbd2 Nc8 10. b3 Be7 11. Bb2 0-0 12. Nf1 Nb6 13. Ng3 Bg6 14. d4 c4 15. Qe2 Rb8 16. Bc3 cxb3 17. axb3 Qc7 18. Ra5 Nd7 19. Rea1 Rb7 20. Nf5 Bd8 21. N5h4 d5 22. Nxg6 hxg6 23. Bd2 Nf6 24. e5 Ne4 25. b4 f6 26. Be1 Be7 27. c3 Rf7 28. Qa2 Bd8 29. Ra6 Qd7 30. Qc2 f5 31. Nh2 Ng5 32. Bd2 Nh7 33. Qa4 Rc7 34. Nf3 g5 35. Ne1 g4 36. hxg4 fxg4 37. Qd1 g3 38. fxg3 Ng5 39. Bxg5 Bxg5 40. Qe2 Rf5 41. Nd3 Be7 42. g4 Rf8 43. Qe3 Rf7 44. g3 Qd8 45. Qe2 Bg5 46. Nc5 Qc8 47. Kg2 Be7 48. Nd3 Bd8 49. Nf4 Bg5 50. Ng6 Qe8 51. Rh1 Bh6 52. Qd3 Rc8 53. Rh5 Rcc7 54. Ra1 Rb7 55. Rah1 a5 56. g5 Rf5 57. Nf4 axb4 58. gxh6 g5 59. h7+ Kh8 60. Qa6 Rg7 61. Nxe6 Rg6 62. Nc7 Qe7 63. Nxd5 1-0

[Event "Dublin Easter e2e4 op"]
[Site "Dublin"]
[Date "2012.04.06"]
[Round "2"]
[White "Quinn, Mark"]
[Black "Jackson, Carl"]
[Result "1-0"]
[WhiteElo "2398"]
[BlackElo "1982"]
[PlyCount "51"]
[EventDate "2012.04.05"]
[EventType "swiss"]
[EventRounds "9"]
[EventCountry "IRL"]
[SourceTitle "CBM 147 Extra"]
[Source "ChessBase"]
[SourceDate "2012.04.24"]
[SourceVersion "1"]
[SourceVersionDate "2012.04.24"]
[SourceQuality "1"]

1. Nf3 c5 2. g3 Nf6 3. c4 Nc6 4. Bg2 g6 5. 0-0 Bg7 6. Nc3 0-0 7. d4 cxd4 8. Nxd4 Nxd4 9. Qxd4 d6 10. Qd3 Rb8 11. h3 Be6 12. Kh2 Qc8 13. Nd5 Nxd5 14. cxd5 Bd7 15. Bg5 Bxb2 16. Rab1 Bf6 17. Bxf6 exf6 18. Rfc1 Qd8 19. Qa3 a6 20. Qxd6 Bb5 21. Qxd8 Rfxd8 22. Rc7 Bxe2 23. Rb6 Rdc8 24. d6 Bb5 25. Rbxb7 Rxb7 26. Rxc8+ 1-0

[Event "Bunratty Masters op 19th"]
[Site "Bunratty"]
[Date "2012.02.19"]
[Round "6"]
[White "Ansell, Simon"]
[Black "Quinn, Mark"]
[Result "1-0"]
[WhiteElo "2373"]
[BlackElo "2398"]
[PlyCount "49"]
[EventDate "2012.02.17"]
[EventType "swiss"]
[EventRounds "6"]
[EventCountry "IRL"]
[SourceTitle "CBM 146 Extra"]
[Source "ChessBase"]
[SourceDate "2012.02.29"]
[SourceVersion "1"]
[SourceVersionDate "2012.02.29"]
[SourceQuality "1"]

1. e4 c5 2. d3 Nc6 3. f4 Nf6 4. Nf3 d5 5. e5 Ng8 6. Be2 Nh6 7. 0-0 e6 8. c3 Bd7 9. Na3 Be7 10. Nc2 Qb6 11. Rb1 f6 12. Kh1 Nf7 13. exf6 Bxf6 14. Be3 Qc7 15. Bxc5 Qxf4 16. d4 Qh6 17. Bb5 Ncd8 18. Bxd7+ Kxd7 19. Nce1 Nc6 20. Nd3 b6 21. Ba3 Qg6 22. c4 Rac8 23. cxd5 exd5 24. Qb3 Rc7 25. Nf4 1-0

[Event "Bunratty Masters op 19th"]
[Site "Bunratty"]
[Date "2012.02.18"]
[Round "2"]
[White "Jones, Gawain C B"]
[Black "Quinn, Mark"]
[Result "1-0"]
[WhiteElo "2653"]
[BlackElo "2398"]
[PlyCount "79"]
[EventDate "2012.02.17"]
[EventType "swiss"]
[EventRounds "6"]
[EventCountry "IRL"]
[SourceTitle "CBM 146 Extra"]
[Source "ChessBase"]
[SourceDate "2012.02.29"]
[SourceVersion "1"]
[SourceVersionDate "2012.02.29"]
[SourceQuality "1"]

1. e4 c5 2. Nf3 e6 3. g3 Nc6 4. Bg2 Nf6 5. d3 b6 6. e5 Nd5 7. c4 Nde7 8. d4 cxd4 9. Nxd4 Nxd4 10. Bxa8 Nec6 11. 0-0 Ba6 12. Bxc6 Nxc6 13. Re1 Bxc4 14. Nc3 Qb8 15. Bf4 h6 16. Rc1 Be7 17. Ne4 Bd5 18. Nf6+ gxf6 19. exf6 Qxf4 20. gxf4 Rg8+ 21. Kf1 Bg2+ 22. Ke2 Bxf6 23. Rg1 Ke7 24. Rxc6 dxc6 25. Qa4 a5 26. f5 Kd7 27. fxe6+ fxe6 28. Qf4 Be7 29. Qxh6 Bf3+ 30. Kxf3 Rxg1 31. h4 a4 32. h5 Rg5 33. Qh7 Rf5+ 34. Kg2 Kd6 35. h6 Bf6 36. Qb7 b5 37. h7 Rg5+ 38. Kf1 Bxb2 39. Qb8+ Kd5 40. Qd8+ 1-0

[Event "Dun Laoghaire GM"]
[Site "Dun Laoghaire"]
[Date "2010.08.29"]
[Round "9"]
[White "Quinn, Mark"]
[Black "Baburin, Alexander"]
[Result "1/2-1/2"]
[WhiteElo "2377"]
[BlackElo "2549"]
[PlyCount "106"]
[EventDate "2010.08.21"]
[EventType "tourn"]
[EventRounds "9"]
[EventCountry "IRL"]
[EventCategory "8"]
[SourceTitle "CBM 138 Extra"]
[Source "ChessBase"]
[SourceDate "2010.10.29"]
[SourceVersion "1"]
[SourceVersionDate "2010.10.29"]
[SourceQuality "1"]

1. c4 e6 2. g3 d5 3. Bg2 Nf6 4. Nf3 dxc4 5. Qa4+ Nbd7 6. Qxc4 c5 7. Qc2 b6 8. 0-0 Bb7 9. b3 Be7 10. Bb2 0-0 11. d3 Nd5 12. a3 Bf6 13. Nc3 Nxc3 14. Bxc3 Rc8 15. Rac1 Qe7 16. Qb2 a5 17. Nd2 Bxg2 18. Kxg2 Bxc3 19. Qxc3 Nf6 20. Kg1 Nd5 21. Qc4 Qd7 22. a4 Rfd8 23. Nf3 Nb4 24. Rfd1 h6 25. Rd2 Qd5 26. Rc3 Qxc4 27. Rxc4 Kf8 28. Rd1 Nc6 29. Rdc1 e5 30. Re4 f6 31. Nd2 Rb8 32. g4 Kf7 33. Nc4 Nd4 34. Kg2 g6 35. Rc3 Ne6 36. h4 Ke7 37. e3 g5 38. h5 Nc7 39. Nb2 Nd5 40. Rcc4 Kf7 41. Kf3 Nb4 42. Rc3 Rd7 43. Ke2 Rbd8 44. Rec4 Nd5 45. Rc1 Ke6 46. Rd1 Kd6 47. Rcc1 Kc6 48. Rc4 Rf8 49. Ke1 Nb4 50. Re4 Rfd8 51. Ke2 Nd5 52. Rc1 Kb7 53. Rec4 Nb4 1/2-1/2

[Event "Dun Laoghaire GM"]
[Site "Dun Laoghaire"]
[Date "2010.08.27"]
[Round "7"]
[White "Quinn, Mark"]
[Black "Atlas, Valeri"]
[Result "1/2-1/2"]
[WhiteElo "2377"]
[BlackElo "2440"]
[PlyCount "168"]
[EventDate "2010.08.21"]
[EventType "tourn"]
[EventRounds "9"]
[EventCountry "IRL"]
[EventCategory "8"]
[SourceTitle "CBM 138 Extra"]
[Source "ChessBase"]
[SourceDate "2010.10.29"]
[SourceVersion "1"]
[SourceVersionDate "2010.10.29"]
[SourceQuality "1"]

1. d4 Nf6 2. Nf3 e6 3. c4 b6 4. Nc3 Bb7 5. Bg5 Be7 6. Qc2 c5 7. Rd1 Bxf3 8. gxf3 cxd4 9. Rxd4 Nc6 10. Rd1 Nh5 11. Bxe7 Qxe7 12. e3 0-0 13. f4 Rfd8 14. Be2 Qh4 15. Ne4 d5 16. Ng5 Nf6 17. Nxf7 Kxf7 18. cxd5 Ne7 19. dxe6+ Kf8 20. Rxd8+ Rxd8 21. Qc7 Rc8 22. Qxa7 Ng4 23. Bxg4 Qxg4 24. Qd7 Qg2 25. Rf1 Qe4 26. Ke2 Qc4+ 27. Qd3 Qxe6 28. Rg1 Qxa2 29. Qxh7 Qxb2+ 30. Kf3 Qf6 31. h4 Qc6+ 32. Kg4 Qg6+ 33. Qxg6 Nxg6 34. Rb1 Rc6 35. h5 Ne7 36. e4 Ng8 37. f3 Nf6+ 38. Kg5 Nh7+ 39. Kf5 Rh6 40. e5 Rxh5+ 41. Ke6 Ke8 42. Kd5 Nf6+ 43. Kd6 Nd7 44. Rg1 Nc5 45. Rxg7 Rh6+ 46. Kd5 Ne6 47. Rg4 Nc7+ 48. Ke4 Rc6 49. Rg8+ Kf7 50. Rb8 Rc4+ 51. Kd3 Rxf4 52. Rxb6 Rxf3+ 53. Ke4 Rc3 54. Rb7 Ke6 55. Rb6+ Ke7 56. Rb7 Rc1 57. Ra7 Ke6 58. Ra5 Re1+ 59. Kd4 Kf5 60. Kc3 Ne6 61. Rb5 Kf4 62. Rb4+ Kxe5 63. Rb5+ Kf4 64. Rb4+ Kf3 65. Rb2 Re5 66. Rb6 Nf4 67. Kd4 Rd5+ 68. Kc4 Ke4 69. Rb8 Rd4+ 70. Kc5 Nd3+ 71. Kc6 Ne5+ 72. Kc7 Rd7+ 73. Kc8 Rd6 74. Rb1 Rc6+ 75. Kb7 Rc2 76. Rd1 Nc4 77. Rd8 Ke5 78. Rh8 Nd6+ 79. Kb6 Nf5 80. Rh5 Ke6 81. Rh8 Ke5 82. Rh1 Nd4 83. Rd1 Rc6+ 84. Kb7 Rh6 1/2-1/2

[Event "Budapest FS02 GM"]
[Site "Budapest"]
[Date "2010.02.14"]
[Round "9"]
[White "Boros, Denes"]
[Black "Quinn, Mark"]
[Result "1-0"]
[WhiteElo "2494"]
[BlackElo "2401"]
[PlyCount "91"]
[EventDate "2010.02.06"]
[EventType "tourn"]
[EventRounds "13"]
[EventCountry "HUN"]
[EventCategory "7"]
[SourceTitle "CBM 134 Extra"]
[Source "ChessBase"]
[SourceDate "2010.03.03"]
[SourceVersion "1"]
[SourceVersionDate "2010.03.03"]
[SourceQuality "1"]

1. e4 c5 2. Nf3 d6 3. d4 cxd4 4. Nxd4 Nf6 5. Nc3 g6 6. Be3 Bg7 7. f3 a6 8. Bc4 Nbd7 9. Qd2 h6 10. a4 Ne5 11. Be2 Qc7 12. b3 0-0 13. Nd5 Nxd5 14. exd5 Nd7 15. a5 Kh7 16. 0-0 Nf6 17. c4 Bd7 18. Bd3 Rae8 19. Kh1 e5 20. dxe6 Bxe6 21. Rac1 Bd7 22. Bg1 Re5 23. b4 h5 24. Qc2 Bh6 25. Rcd1 Re7 26. Bf2 Bg7 27. Ne2 Rc8 28. Bg3 Kg8 29. c5 Ree8 30. Qb1 Qc6 31. Bxd6 h4 32. Bc4 h3 33. Nd4 hxg2+ 34. Kxg2 Qxd6 35. Bxf7+ Kxf7 36. cxd6 Nh5 37. Qa2+ Kf8 38. f4 Re4 39. f5 gxf5 40. Nxf5 Nf4+ 41. Rxf4 Rxf4 42. Ne7 Rg4+ 43. Kh1 Rcc4 44. h3 Rge4 45. Rg1 Bxh3 46. Qf2+ 1-0